| 000 | 00439nam a2200157Ia 4500 | ||
|---|---|---|---|
| 003 | GCL | ||
| 008 | 140319s9999 xx 000 0 ara d | ||
| 040 |
_aGCL / _cGCL |
||
| 082 | 0 | 4 |
_a843 _bر س |
| 100 | 1 | _aرولان، رومان | |
| 245 | 1 | 0 |
_aسيأتى الوقت / _cرولان، رومان |
| 700 | 1 | _aحمدى غيث | |
| 490 |
_aالالف كتاب _v0 |
||
| 650 | 0 | 4 | _aالمسرح الفرنسى المترجم |
| 942 |
_2ddc _cBK |
||
| 999 |
_c40225 _d40225 |
||